000
00281nam a22001217a 4500
008
171023b xxu||||| |||| 00| 0 eng d
041
_a
eng
080
_a
658
100
_a
54
101
_a
LED
245
_a
THE NIBBLE THEORY AND KERNEL OF POWER
_c
JAMISON.K
942
_2
udc
_c
BK
999
_c
35386
_d
35386